K problematice vnitřní směnitelnosti naší měny.
Vnútorná zameniteľnosť čs. koruny ako jedna z priorít súčasnej hospodárskej politiky. Predpoklady dosiahnutia voľnej zameniteľnosti našej meny. Prekážky na ceste k dosiahnutiu konvertibilnej koruny. Úloha cien, kurzov, bankových úverov a rozpočtovej politiky pri riešení tohto problému.
Salvato in:
| Autore principale: | |
|---|---|
| Natura: | Capitolo di libro |
| Lingua: | ceco |
| Soggetti: | |
| Tags: |
Nessun Tag, puoi essere il primo ad aggiungerne!!
|
MARC
| LEADER | 00000naa a2200000 4500 | ||
|---|---|---|---|
| 001 | r002298 | ||
| 005 | 20220819175314.4 | ||
| 041 | 0 | |a cze | |
| 044 | |a [CS] | ||
| 245 | 1 | 0 | |a K problematice vnitřní směnitelnosti naší měny. |c J. Tošovský |
| 520 | |a Vnútorná zameniteľnosť čs. koruny ako jedna z priorít súčasnej hospodárskej politiky. Predpoklady dosiahnutia voľnej zameniteľnosti našej meny. Prekážky na ceste k dosiahnutiu konvertibilnej koruny. Úloha cien, kurzov, bankových úverov a rozpočtovej politiky pri riešení tohto problému. | ||
| 610 | 2 | 0 | |a mena |
| 610 | 2 | 0 | |a koruna |
| 610 | 2 | 0 | |a ČSFR |
| 610 | 2 | 0 | |a sústava menová |
| 610 | 2 | 0 | |a politika hospodárska |
| 610 | 2 | 0 | |a konvertibilita |
| 610 | 2 | 0 | |a ceny |
| 610 | 2 | 0 | |a kurz menový |
| 610 | 2 | 0 | |a úver bankový |
| 100 | 1 | |a Tošovský, J. | |